Imiona nadane dziewczynkom w 2007 roku - Statystyki

Ogólne statystyki
  • Ten quiz został rozwiązany 34 razy
  • Średni wynik to 75 z 100
Statystyki odpowiedzi
Hint Odpowiedź % Poprawnych
J Julia
100%
W Weronika
100%
A Anna
96%
N Natalia
96%
V Victoria
96%
W Wiktoria
96%
Z Zuzanna
96%
A Alicja
91%
A Amelia
91%
J Joanna
91%
M Maja
91%
M Michalina
91%
O Olivia
91%
O Oliwia
91%
P Patrycja
91%
P Paulina
91%
Z Zofia
91%
A Aleksandra
87%
D Daria
87%
E Ewa
87%
K Karolina
87%
K Kinga
87%
K Klaudia
87%
K Kornelia
87%
M Magda
87%
N Nadia
87%
N Nicola
87%
N Nikola
87%
B Barbara
83%
D Dorota
83%
E Emilia
83%
G Gabriela
83%
L Lena
83%
M Maria
83%
M Martyna
83%
O Olga
83%
P Pola
83%
R Róża
83%
S Sandra
83%
A Agata
78%
D Dominika
78%
H Hanna
78%
I Iga
78%
I Izabela
78%
J Justyna
78%
K Kamila
78%
K Katarzyna
78%
K Klara
78%
L Laura
78%
L Lidia
78%
M Magdalena
78%
M Marcelina
78%
M Marta
78%
M Milena
78%
M Monika
78%
N Nina
78%
S Sara
78%
A Agnieszka
74%
A Anastazja
74%
A Antonina
74%
E Eliza
74%
E Ewelina
74%
H Helena
74%
Ł Łucja
74%
S Sylwia
74%
U Urszula
74%
A Andżelika
70%
A Angelika
70%
J Jagoda
70%
M Malwina
70%
N Nela
70%
R Rozalia
70%
A Adrianna
65%
J Julita
65%
K Kaja
65%
L Liliana
65%
M Marianna
65%
M Matylda
65%
A Aneta
61%
A Anita
61%
B Blanka
61%
M Małgorzata
61%
M Marlena
61%
P Paula
61%
V Vanessa
61%
W Wanessa
61%
A Aniela
57%
J Judyta
57%
R Roksana
52%
D Dagmara
48%
J Jessica
48%
K Karina
48%
M Marika
48%
O Otylia
43%
T Tatiana
43%
D Diana
39%
N Natasza
39%
N Nicole
39%
S Sonia
39%
K Kalina
35%
Nie znaleziono quizów pasujących do podanych kryteriów
Rozkład punktacji
Procent ludzi z każdym wynikiem
Percentyl według liczby udzielonych odpowiedzi
Twoja historia wyników
Nie rozwiązałeś tego quizu